Manual fitosanitario 2006-2007
Αποθηκεύτηκε σε:
| Μορφή: | Βιβλίο |
|---|---|
| Γλώσσα: | Ισπανικά |
| Έκδοση: |
Santiago
AFIPA
2005
Santiago IMPPA 2005 Santiago Asociación Nacional de Fabricantes e Importadores de Productos Fitosanitarios Agrícolas 2005 Santiago Importadores y Productores de Productos Fitosanitarios para la Agricultura 2005 |
| Θέματα: | |
| Ετικέτες: |
Προσθήκη ετικέτας
Δεν υπάρχουν, Καταχωρήστε ετικέτα πρώτοι!
|
MARC
| LEADER | 00000nam a2200000 a 4500 | ||
|---|---|---|---|
| 001 | UCJ0042 | ||
| 003 | CL-VaPUC | ||
| 008 | 060623e20050000CL |||||||||||||||||spa|d | ||
| 082 | 0 | 4 | |a 668.65 |b MAN |2 21 |
| 245 | 1 | 0 | |a Manual fitosanitario 2006-2007 |
| 300 | |a 1160 p | ||
| 942 | |c BK | ||
| 945 | |d 20060623 00:00:00 |a jtorresc | ||
| 260 | |a Santiago |b AFIPA |c 2005 | ||
| 260 | |a Santiago |b IMPPA |c 2005 | ||
| 260 | |a Santiago |b Asociación Nacional de Fabricantes e Importadores de Productos Fitosanitarios Agrícolas |c 2005 | ||
| 260 | |a Santiago |b Importadores y Productores de Productos Fitosanitarios para la Agricultura |c 2005 | ||
| 650 | 0 | |a Química agrícola |9 362273 | |
| 650 | 0 | |a Pesticidas |9 358300 | |
| 650 | 7 | |a INSECTICIDAS |2 CL-VaPUC |9 262975 | |
| 650 | 7 | |a FUNGICIDAS |2 CL-VaPUC |9 264584 | |
| 650 | 0 | |a Herbicidas |9 393022 | |
| 650 | 0 | |a Fertilizantes |9 262833 | |
| 650 | 7 | |a TOXICOLOGIA |2 CL-VaPUC |9 306970 | |
| 650 | 7 | |a PRODUCTOS QUIMICOS AGRICOLAS |2 CL-VaPUC |9 262834 | |
| 583 | |a last modification |c 20130305 12:49:55 |k Rodrigo Vera | ||
| 999 | |c 317029 |d 317027 | ||
| 952 | |0 0 |1 0 |4 0 |6 668_650000000000000_MAN_2005_2005_2005_2005 |7 0 |8 F |9 392699 |a BIBAGR |b BIBAGR |d 2019-11-22 |i 424379K |o 668.65 MAN 2005 2005 2005 2005 |p 424379K |r 2025-01-20 |w 2019-11-22 |y BK_F |k AGR | ||
| 952 | |0 0 |1 0 |4 0 |6 668_650000000000000_MAN_2005_2005_2005_2005 |7 0 |8 F |9 392700 |a BIBAGR |b BIBAGR |d 2019-11-22 |i 4243803 |o 668.65 MAN 2005 2005 2005 2005 |p 4243803 |r 2025-01-20 |w 2019-11-22 |y BK_F |k AGR | ||
| 952 | |0 0 |1 0 |4 0 |6 668_650000000000000_MAN_2005_2005_2005_2005 |7 0 |8 F |9 392701 |a BIBAGR |b BIBAGR |d 2019-11-22 |i 4243811 |o 668.65 MAN 2005 2005 2005 2005 |p 4243811 |r 2025-01-20 |w 2019-11-22 |y BK_F |k AGR | ||